Indicadores de sustentabilidad del suelo en diferentes áreas del centro-sur de la Provincia de Córdoba
Guardado en:
| Autor Principal: | |
|---|---|
| Autor Corporativo: | |
| Otros Autores: | , , |
| Formato: | Electrónico |
| Idioma: | Spanish |
| Publicado: |
Marcos Júarez, Córdoba :
INTA EEA Marcos Juárez,
[2017]
|
| Series: | Información para extensión en línea ;
nº 20, Colección divulgación |
| Materias: | |
| Acceso en línea: | Acceso a texto completo |
| Etiquetas: |
Agregar Etiqueta
Sin Etiquetas, Sea el primero en etiquetar este registro!
|
| LEADER | 01078nmm a22002175a 4500 | ||
|---|---|---|---|
| 001 | EEA.libagro010877 | ||
| 008 | 170711s2017####ag##################spa#d | ||
| 005 | 20200423130407.0 | ||
| 245 | 1 | 0 | |a Indicadores de sustentabilidad del suelo en diferentes áreas del centro-sur de la Provincia de Córdoba |h [recurso electrónico] / |c Hugo Marelli ... [et al.]. |
| 260 | |a Marcos Júarez, Córdoba : |b INTA EEA Marcos Juárez, |c [2017] | ||
| 490 | 1 | |a Información para extensión en línea ; |v nº 20, |x 2250-8511 | |
| 490 | 1 | |a Colección divulgación | |
| 500 | |a Título tomado de inta.gob.ar (visto el 11 de julio de 2017). | ||
| 538 | |a Modo de acceso: World Wide Web. | ||
| 100 | 1 | |a Marelli, Hugo Juan. | |
| 700 | 1 | |a Arce, Juan Mateo. | |
| 700 | 1 | |a Marelli, Patricio Martín. | |
| 700 | 1 | |a Conde, María Belén. | |
| 710 | 2 | |a Instituto Nacional de Tecnología Agropecuaria (Argentina). |b Estación Experimental Agropecuaria Marcos Juárez. | |
| 655 | 7 | |a Libros electrónicos. | |
| 856 | 4 | 0 | |3 Acceso a texto completo |u http://inta.gob.ar/sites/default/files/inta%5Fmj%5Findicadores%5Fsuelos%5Fcba%5F0.pdf |
